LEADER 01106nam a2200265 u 4500 001 000000085428 003 CaOOAMICUS 005 20070226124203.0 008 050826s1945 fr u000 u fre u 035 $a11058410 040 $aPUL(R)$bita 100 0 $aSugerius s. Dionysii,$dc. 1081-1151.$0(OLS)http://pul/name/44645 245 10$aComment fut construit Saint-Denis /$cSuger ; traduction et introduction de dom Jean Leclercq. 260 $aParis :$bCerf,$c[1947] 300 $a55 p. ;$c19 cm 490 1 $aLa Clarté-Dieu ;$v18 504 $aBibliografia in nota. 700 1 $aLeclercq, Jean,$cO.S.B.,$d1911-1993.$0(OLS)http://pul/name/3420 830 3$aLa Clarté-Dieu ;$v18.$0(OLS)http://pul/title/108111 850 $aPUL 852 $aPUL$W1$xDP1 Fondo Cecchetti$y53$m282 G 16$j108551$nBK-PRI$b $qFondi$B108551$CPULBib$Z2$F108551 $HPUL5440 $81 900 $aSugerus,$cabate di Saint-Denis,$d1081-1151$944645 941 1 $a1 996 $6245$aComment fut construit Saint-Denis$9(OLS)http://pul/title/110860 996 $6260$aParis :$bCerf$9(OLS)http://pul/publisher/48238 LEADER 01107nam a2200277 u 4500 001 000000039246 003 CaOOAMICUS 005 20070226113952.0 008 980506s1988 it u000 u ita u 020 $a8814018375 035 $a10793871 040 $aPUL(R)$bita 100 1 $aClarizia, Renato$b1950-$0(OLS)http://pul/name/29220 245 10$aProcreazione artificiale e tutela del minore /$cRenato Clarizia. 260 $aMilano :$bGiuffrè,$c1988. 300 $aviii, 149 p. ;$c25 cm 504 $aBibliografia in nota. 650 4$aMinori$xDiritto e legislazione.$0(OLS)http://pul/subject/8217 650 4$aProcreazione artificiale$xDiritto e legislazione.$0(OLS)http://pul/subject/7282 850 $aPUL 852 $aPUL$W1$xSL Diritto e Scienze Sociali 1$y4$m172 D 114$j53382$nBK-PRI$b $qStampati$B53382$CPULBib$Z2$F53382 $81 941 1 $a8 961 $aINV: 61730 996 $6020$a8814018375$9(OLS)http://pul/number/48852 996 $6245$aProcreazione artificiale e tutela del minore$9(OLS)http://pul/title/53136 996 $6260$aMilano :$bGiuffrè$9(OLS)http://pul/publisher/48401